00651nam a2200181 a 450000100100000000500170001000800410002704000250006808200150009310000470010824500650015526000510022030000270027150000230029804900090032195201220033099900170045200002893120200930055226.0110412s1982 dr a 000 j spa d aDO-SdBNPbspacBNPHU axxxbH557d1 aHernández Montalvo, Elbitad1926-95588210aLa ninfa del lago Enriquillo /cElbita Hernández Montalvo. aSanto Domingo :bGemy Artes Gráficas,c1982. a16 p. :bil. ;c17 cm. aLas dos esperanzas aBNPD 001054708PDaPDbPDcCTd2011-04-12iLF1l0oxxx H557dp28931-10r2020-06-25w2020-06-25yLFPDZPréstamo en sala c28423d28423